Menschenrechte und Bürgergesellschaft in Deutschland
| Contributors: | ; |
|---|---|
| Format: | Print Book |
| Language: | German |
| Published: |
Opladen
Leske + Budrich
1999
|
| In: | Year: 1999 |
| Online Access: |
Cover Cover Table of Contents |
| Availability in Tübingen: | Present in Tübingen. IFK: G I 384 |
| Check availability: | HBZ Gateway |
| Subito Delivery Service: | Order now. |
| Volumes / Articles: | Show volumes/articles. |
| Keywords: |
MARC
| LEADER | 00000cam a2200000 c 4500 | ||
|---|---|---|---|
| 001 | 1624855660 | ||
| 003 | DE-627 | ||
| 005 | 20260206203755.0 | ||
| 007 | tu | ||
| 008 | 981120s1999 gw ||||| 00| ||ger c | ||
| 015 | |a 98,N49,0221 |2 dnb | ||
| 015 | |a 99,A08,0530 |2 dnb | ||
| 016 | 7 | |a 955142695 |2 DE-101 | |
| 020 | |a 3810021539 |9 3-8100-2153-9 | ||
| 035 | |a (DE-627)1624855660 | ||
| 035 | |a (DE-603)060562099 | ||
| 035 | |a (DE-576)067166261 | ||
| 035 | |a (DE-599)BSZ067166261 | ||
| 035 | |a (OCoLC)237347482 | ||
| 035 | |a (OCoLC)47849070 | ||
| 035 | |a (DE-604)8122926803 | ||
| 035 | |a (DE-H357)his21809 | ||
| 040 | |a DE-627 |b ger |c DE-627 |e rda | ||
| 041 | |a ger | ||
| 044 | |c XA-DE | ||
| 082 | 0 | |a 323.0943 | |
| 084 | |a 19 |2 sdnb | ||
| 084 | |a 19 |a 16 |a 14 |2 sdnb | ||
| 084 | |a PL 402 |2 rvk |0 (DE-625)rvk/137005: | ||
| 084 | |a MG 15065 |2 rvk |0 (DE-625)rvk/122818:12041 | ||
| 084 | |a MD 4700 |2 rvk |0 (DE-625)rvk/122515: | ||
| 084 | |a PS 2580 |2 rvk |0 (DE-625)rvk/139722: | ||
| 084 | |a 86.85 |2 bkl | ||
| 084 | |a 15.43 |2 bkl | ||
| 084 | |a 86.09 |2 bkl | ||
| 084 | |a 86.45 |2 bkl | ||
| 090 | |a a | ||
| 245 | 0 | 0 | |a Menschenrechte und Bürgergesellschaft in Deutschland |c Franz-Josef Hutter ; Carsten Tessmer (Hrsg.) |
| 264 | 1 | |a Opladen |b Leske + Budrich |c 1999 | |
| 300 | |a 234 Seiten |b Diagramme |c 21 cm | ||
| 336 | |a Text |b txt |2 rdacontent | ||
| 337 | |a ohne Hilfsmittel zu benutzen |b n |2 rdamedia | ||
| 338 | |a Band |b nc |2 rdacarrier | ||
| 500 | |a Literaturangaben | ||
| 583 | 1 | |a Archivierung/Langzeitarchivierung gewährleistet |f SLG |x XA-DE-NI |z Bücherarchiv der GWV-Verlage |2 pdager |5 DE-84 | |
| 650 | 0 | 7 | |0 (DE-588)4074725-6 |0 (DE-627)106088556 |0 (DE-576)209195088 |a Menschenrecht |2 gnd |
| 650 | 0 | 7 | |0 (DE-588)4169433-8 |0 (DE-627)105410047 |0 (DE-576)20992277X |a Menschenrechtspolitik |2 gnd |
| 650 | 4 | |a Menschenrechte | |
| 650 | 4 | |a Bürgergesellschaft/Zivilgesellschaft | |
| 650 | 4 | |a Human Rights | |
| 650 | 4 | |a Civil Society | |
| 650 | 4 | |a Menschenrechte | |
| 650 | 4 | |a Bürgerliche Gesellschaft | |
| 650 | 4 | |a Frauen | |
| 650 | 4 | |a Sozialpolitik | |
| 650 | 4 | |a Demokratie | |
| 650 | 4 | |a Leistungsniveau | |
| 650 | 4 | |a Ausländer und Ausländerinnen | |
| 650 | 4 | |a Asyl (politisch) | |
| 650 | 4 | |a Behinderte | |
| 650 | 4 | |a Presse | |
| 650 | 4 | |a Freiheit | |
| 650 | 4 | |a Politik | |
| 650 | 4 | |a Politische Soziologie | |
| 651 | 7 | |0 (DE-588)4011882-4 |0 (DE-627)104704861 |0 (DE-576)208896155 |a Deutschland |2 gnd | |
| 651 | 7 | |a Deutschland |2 gnd | |
| 655 | 7 | |a Aufsatzsammlung |0 (DE-588)4143413-4 |0 (DE-627)105605727 |0 (DE-576)209726091 |2 gnd-content | |
| 689 | 0 | 0 | |d g |0 (DE-588)4011882-4 |0 (DE-627)104704861 |0 (DE-576)208896155 |a Deutschland |2 gnd |
| 689 | 0 | 1 | |d s |0 (DE-588)4074725-6 |0 (DE-627)106088556 |0 (DE-576)209195088 |a Menschenrecht |2 gnd |
| 689 | 0 | |5 DE-101 | |
| 700 | 1 | |a Hutter, Franz-Josef |d 1963- |e HerausgeberIn |0 (DE-588)120377799 |0 (DE-627)080636594 |0 (DE-576)176641505 |4 edt | |
| 700 | 1 | |a Tessmer, Carsten |d 1963- |e HerausgeberIn |0 (DE-588)112578586 |0 (DE-627)523623852 |0 (DE-576)289735971 |4 edt | |
| 856 | 4 | 2 | |u http://www.gbv.de/dms/spk/sbb/toc/251595080.pdf |m V:DE-601 |m B:DE-1 |q pdf/application |x Verlag |y Inhaltsverzeichnis |3 Inhaltsverzeichnis |7 1 |
| 856 | 4 | 2 | |u https://swbplus.bsz-bw.de/bsz067166261cov.jpg |m V:DE-576 |m X:springer |q image/jpeg |v 20140211113636 |3 Cover |7 1 |
| 856 | 4 | 2 | |u http://scans.hebis.de/HEBCGI/show.pl?06056209_cov.jpg |m V:DE-576;X:springer |q image/jpeg |3 Cover |7 1 |
| 889 | |w (DE-627)251595080 | ||
| 935 | |i mdedup | ||
| 935 | |i sf | ||
| 936 | r | v | |a PL 402 |b Menschenwürde |k Rechtswissenschaft |k Staatsrecht und Verfassungsgeschichte |k Staatsrecht und Verfassungsrecht |k Die Grund- und Menschenrechte, Grundpflichten |k Menschenwürde |0 (DE-627)1271188937 |0 (DE-625)rvk/137005: |0 (DE-576)201188937 |
| 936 | r | v | |a MG 15065 |b Menschenrechte |k Politologie |k Politische Systeme einzelner Länder |k Europa, Nordamerika |k Westeuropa, Mitteleuropa |k Bundesrepublik Deutschland |k Bundesrepublik Deutschland |k Menschenrechte |0 (DE-627)1271488752 |0 (DE-625)rvk/122818:12041 |0 (DE-576)201488752 |
| 936 | r | v | |a MD 4700 |b Menschenrechte |k Politologie |k Politische Theorie, Grundbegriffe des Politischen |k Staatstheorie |k Menschenrechte |0 (DE-627)1271068524 |0 (DE-625)rvk/122515: |0 (DE-576)201068524 |
| 936 | r | v | |a PS 2580 |b Einzeldarstellungen zu übergreifenden Materien |k Rechtswissenschaft |k Europarecht; Recht der Europäischen Gemeinschaften bzw. der Europäischen Union und der sonstigen europäischen Organisationen; Europäische Rechtsvereinheitlichung |k Europäisches Gemeinschaftsrecht; Europäisches Unionsrecht |k Einzeldarstellungen zu übergreifenden Materien |0 (DE-627)1271423111 |0 (DE-625)rvk/139722: |0 (DE-576)201423111 |
| 936 | b | k | |a 86.85 |j Menschenrechte |0 (DE-627)106413236 |
| 936 | b | k | |a 15.43 |j Deutsche Geschichte des 19. Jahrhunderts bis zur Gegenwart |0 (DE-627)181569701 |
| 936 | b | k | |a 86.09 |j Rechtsgeschichte |0 (DE-627)106413481 |
| 936 | b | k | |a 86.45 |j Grundrechte |0 (DE-627)106418009 |
| 936 | s | n | |a m100 |2 mzub |
| 936 | s | n | |a p100 |2 mzub |
| 936 | s | n | |a m200 |2 mzub |
| 951 | |a BO | ||
| ELC | |b 1 | ||
| LOK | |0 000 xxxxxcx a22 zn 4500 | ||
| LOK | |0 001 3258639639 | ||
| LOK | |0 003 DE-627 | ||
| LOK | |0 004 1624855660 | ||
| LOK | |0 005 20020411000000 | ||
| LOK | |0 008 990609||||||||||||||||ger||||||| | ||
| LOK | |0 040 |a DE-21-110 |c DE-627 |d DE-21-110 | ||
| LOK | |0 852 |a DE-21-110 | ||
| LOK | |0 852 1 |c G I 384 |m p |9 00 | ||
| LOK | |0 935 |a k110 | ||
| LOK | |0 936ln |a 2.1 | ||
| LOK | |0 938 |k p | ||
| LOK | |0 939 |a 09-06-99 |b l01 | ||
| ORI | |a SA-MARC-krimdoka001.raw | ||
| SIG | |a IFK: G I 384 | ||
| SPR | |a 1 |t KRI | ||
| TIM | |a 100019901003_100020261231 |b 1990-10-03 - 2026 | ||
